书目信息 |
| 题名: |
教育教学知识与能力
|
|
| 作者: | ;聚师网教师资格考试研究院 编著 | |
| 分册: | 小学 | |
| 出版信息: | 北京 中国财富出版社 2019 |
|
| 页数: | 367页 | |
| 开本: | 29cm | |
| 丛书名: | ||
| 单 册: | ||
| 中图分类: | G451.1 , G625.1 | |
| 科图分类: | ||
| 主题词: | 教学能力--资格考试--教材 , 小学教师--教学能力--资格考试--教材 | |
| 电子资源: | ||
| ISBN: | 978-7-5047-6931-2 | |
| 000 | 00995nam0 2200265 450 | |
| 001 | 012001002103 | |
| 005 | 20140202111332.0 | |
| 010 | @a978-7-5047-6931-2@dCNY68.00 | |
| 100 | @a20220905d2019 em y0chiy50 ea | |
| 101 | 0 | @achi |
| 102 | @aCN@b110000 | |
| 105 | @aa z 000yy | |
| 106 | @ar | |
| 200 | 1 | @a教育教学知识与能力@Ajiao yu jiao xue zhi shi yu neng li@i小学@f聚师网教师资格考试研究院编著 |
| 210 | @a北京@c中国财富出版社@d2019 | |
| 215 | @a367页@c图@d29cm | |
| 300 | @a教师资格考试辅导教材 聚师系列教材 | |
| 330 | @a本书依据教师资格《教育教学知识与能力》(小学)考试大纲要求和真题分析,分为六大模块:教育基础、学生指导、班级管理、学科知识与教学设计、教学实施、教学评价与反思。 | |
| 606 | 0 | @a教学能力@x资格考试@j教材 |
| 606 | 0 | @a小学教师@x教学能力@x资格考试@j教材 |
| 690 | @aG451.1@v5 | |
| 690 | @aG625.1@v5 | |
| 711 | 02 | @a聚师网教师资格考试研究院@Aju shi wang jiao shi zi ge kao shi yan jiu yuan@4编著 |
| 801 | 0 | @aCN@bAHXH@c20221111 |
| 905 | @b1367520-4@dG451.1@e534@f5 | |
| 教育教学知识与能力.小学/聚师网教师资格考试研究院编著.-北京:中国财富出版社,2019 |
| 367页:图;29cm |
| 教师资格考试辅导教材 聚师系列教材 |
| ISBN 978-7-5047-6931-2:CNY68.00 |
| 本书依据教师资格《教育教学知识与能力》(小学)考试大纲要求和真题分析,分为六大模块:教育基础、学生指导、班级管理、学科知识与教学设计、教学实施、教学评价与反思。 |
| ● |
| 相关链接 |
|
|
|
|
正题名:教育教学知识与能力
索取号:G451.1/534
 
预约/预借
| 序号 | 登录号 | 条形码 | 馆藏地/架位号 | 状态 | 备注 |
| 1 | 1367520 | 213675209 | 第一样本阅览室/ [索取号:G451.1/534] | 在馆 | |
| 2 | 1367521 | 213675218 | 教育系资料室/ [索取号:G451.1/534] | 在馆 | |
| 3 | 1367522 | 213675227 | 教育系资料室/ [索取号:G451.1/534] | 在馆 | |
| 4 | 1367523 | 213675236 | 第四借阅区/ [索取号:G451.1/534] | 在馆 | |
| 5 | 1367524 | 213675245 | 第四借阅区/ [索取号:G451.1/534] | 在馆 |